Modern Micro - Economics (Record no. 6579)

MARC details
000 -LEADER
fixed length control field 00411nam a2200169Ia 4500
008 - FIXED-LENGTH DATA ELEMENTS--GENERAL INFORMATION
fixed length control field 221030s9999 xx 000 0 und d
020 ## - INTERNATIONAL STANDARD BOOK NUMBER
ISBN 0333253493
041 ## - LANGUAGE CODE
Language code of text/sound track or separate title
082 ## - DEWEY DECIMAL CLASSIFICATION NUMBER
Classification number 105.23
Item number Kou
100 ## - MAIN ENTRY--AUTHOR NAME
Personal name A. Koutsoyiannis
245 #0 - TITLE STATEMENT
Title Modern Micro - Economics
Statement of responsibility, etc by A. Koutsoyiannis
250 ## - EDITION STATEMENT
Edition statement 2nd
260 ## - PUBLICATION, DISTRIBUTION, ETC. (IMPRINT)
Name of publisher Macmillan
Place of publication New Delhi
Year of publication 1979
300 ## - PHYSICAL DESCRIPTION
Number of Pages 581
650 ## - SUBJECT ADDED ENTRY--TOPICAL TERM
Topical Term BE Economics
942 ## - ADDED ENTRY ELEMENTS (KOHA)
Koha item type Books
Holdings
Accession Number Cost, normal purchase price Full call number Price effective from Koha item type Withdrawn / writtenoff status Materials specified (bound volume or other part) Damaged status Not for loan Permanent Location Current Location Shelving location Date acquired Lost/ Missing status department
BE 1820 364.00 105.23 Kou 10/30/2022 Books   Print   Not For Loan MIET Library, Jammu MIET Library, Jammu BL-Second, FL-1, CUP-78, SH-3, R-3 09/11/2000   BE
BE 1821 364.00 105.23 Kou 10/30/2022 Books   Print     MIET Library, Jammu MIET Library, Jammu BL-Academic Block- A, FL-1, CUP-89, SH-3, R-3 09/11/2000   BE
BE 2164 5.20 105.23 Kou 10/30/2022 Books   Print     MIET Library, Jammu MIET Library, Jammu BL-Academic Block- A, FL-1, CUP-89, SH-3, R-3 11/30/2000   BE
BE 2162 5.20 105.23 Kou 10/30/2022 Books   Print     MIET Library, Jammu MIET Library, Jammu BL-Academic Block- A, FL-1, CUP-89, SH-3, R-3 11/30/2000   BE